Spell the Marvel Character #94 - Statistics

General Stats
  • This quiz has been taken 27 times
  • The average score is 9 of 11
Answer Stats
Picture Answer % Correct
Ironheart
100%
Iron Lad
90%
Nakia
90%
Red She-Hulk
90%
Captain Marvel
86%
Adam Warlock
81%
Dazzler
81%
Vindicator
81%
Outlaw
76%
Triton
71%
Valeria Richards
67%
No matching quizzes found
Score Distribution
Percent of People with Each Score
Percentile by Number Answered
Your Score History
You have not taken this quiz